Petroleum production handbook. Vol. 1, mathematics and production equipment /
Uloženo v:
| Další autoři: | , |
|---|---|
| Médium: | Kniha |
| Jazyk: | angličtina |
| Vydáno: |
New York :
McGraw-Hill Book,
1962
|
| Vydání: | [1st ed.] |
| Témata: | |
| On-line přístup: |
|
| Tagy: |
Přidat tag
Žádné tagy, Buďte první, kdo vytvoří štítek k tomuto záznamu!
|
MARC
| LEADER | 00000cam a2200000 4500 | ||
|---|---|---|---|
| 003 | SK-BrCVT | ||
| 005 | 20220617214603.0 | ||
| 008 | 060725s1962 xxu e ||||||eng d | ||
| 035 | |a CVTIDW1371630 | ||
| 040 | |b slo |a CVTI SR |e AACR2 | ||
| 041 | 0 | |a eng | |
| 044 | |a xxu | ||
| 080 | |a 665.5/.6 |2 UDC-MRF | ||
| 080 | |a 51 |2 UDC-MRF | ||
| 245 | 1 | 0 | |a Petroleum production handbook. |n Vol. 1, |p mathematics and production equipment / |c Editors: Thomac C. Frick, R. William Taylor |
| 250 | |a [1st ed.] | ||
| 260 | |a New York : |b McGraw-Hill Book, |c 1962 | ||
| 300 | |a Preruš. str. | ||
| 653 | 1 | |a ropa |a výrobné zariadenie |a matematika | |
| 700 | 1 | |a Frick, Thomas C. |4 edt | |
| 700 | 1 | |a Taylor, R. William |4 edt | |
| 910 | |b A133551 | ||
| 974 | |f Knihy | ||
| 992 | |a APP | ||
| 999 | |c 139887 |d 139887 | ||